Ricostruisci la Carriera del Calciatore - Ricardo Carvalho - Statistics

Statistiche generali
  • Questo quiz è stato fatto 6 volte
  • Il punteggio medio è 5 su 10
Statistiche sulle risposte
Hint Risposta % Corretto
2017-2018 Shanghai SIPG
100%
2001-2004 Porto
67%
2004-2010 Chelsea
50%
1997-1998 Leça
50%
2013-2016 Monaco
50%
2010-2013 Real Madrid
50%
1999-2000 Vitória Setúbal
50%
2000-2001 Alverca
17%
1997 Porto
17%
1998-1999 Porto
0%
Nessun quiz corrispondente trovato
Distribuzione punteggi
Percentuale di utenti per punteggio
Percentile per numero di risposta
I tuoi punteggi nel tempo
Non hai fatto questo quiz